Catálogo
Digital

Catálogo
Digital

Atlas visual del cuerpo humano (Record no. 14027)

MARC details
000 -CABECERA
campo de control de longitud fija 01838nam a2200325 4500
003 - IDENTIFICADOR DEL NÚMERO DE CONTROL
campo de control EC-UNACH
005 - FECHA Y HORA DE LA ÚLTIMA TRANSACCIÓN
campo de control 20251017135451.0
006 - CÓDIGOS DE INFORMACIÓN DE LONGITUD FIJA--CARACTERÍSTICAS DEL MATERIAL ADICIONAL
campo de control de longitud fija s||||gr|||| 00| 00
008 - DATOS DE LONGITUD FIJA--INFORMACIÓN GENERAL
campo de control de longitud fija 150116t9999 mx r gr 000 0 spa d
020 ## - NÚMERO INTERNACIONAL ESTÁNDAR DEL LIBRO
Número Internacional Estándar del Libro 9974-7713-5-8
040 ## - FUENTE DE LA CATALOGACIÓN
Centro catalogador/agencia de origen EC-UNACH
Centro/agencia transcriptor EC-UNACH
041 ## - CÓDIGO DE LENGUA
Código de lengua del texto/banda sonora o título independiente spa
082 04 - NÚMERO DE LA CLASIFICACIÓN DECIMAL DEWEY
Número de edición 23
Número de clasificación 611
Número de documento/Ítem L000236
110 ## - ENTRADA PRINCIPAL--NOMBRE DE ENTIDAD CORPORATIVA
Nombre de entidad corporativa o nombre de jurisdicción como elemento de entrada Arquetipo Grupo Editorial
245 ## - MENCIÓN DE TÍTULO
Título Atlas visual del cuerpo humano
250 ## - MENCIÓN DE EDICIÓN
Mención de edición No registra en el libro
264 ## - Producción, publicación, distribución, fabricación y copyright
Lugar de producción, publicación, distribución, fabricación Bogotá - Colombia
Nombre del de productor, editor, distribuidor, fabricante Arquetipo Grupo Editorial
Fecha de de producción, publicación, distribución, fabricación o copyright 2009
300 ## - DESCRIPCIÓN FÍSICA
Extensión 64 páginas
Otras características físicas Ilustraciones
Dimensiones 28 x 39 cm
505 ## - NOTA DE CONTENIDO CON FORMATO
Nota de contenido con formato UN ORGANISMO COMPLEJO. --<br/>LA CÉLULA. --<br/>LOS TEJIDOS. --<br/>LOS HUESOS: Visión frontal del esqueleto. Las articulaciones. Visión dorsal del esqueleto. Visión frontal del tórax y la pelvis. Las vértebras. La columna vertebral. Visión lateral del cráneo y de la cara. Visión interior del cráneo. --<br/>LOS MÚSCULOS: Visión anterior o frontal. Visión posterior o dorsal. --<br/>EL SISTEMA NERVIOSO: Tronco encefálico y pares craneales. Sistema nervioso central y periférico. --<br/>EL SISTEMA CIRCULATORIO. --<br/>EL SISTEMA LINFÁTICO. --<br/>EL SISTEMA ENDOCRINO. --<br/>EL SISTEMA RESPIRATORIO. --<br/>EL SISTEMA DIGESTIVO: La boca y los dientes. --<br/>EL SISTEMA EXCRETOR. --<br/>EL SISTEMA REPRODUCTOR MASCULINO. --<br/>EL SISTEMA REPRODUCTOR FEMENINO. --<br/>LA GESTACIÓN: Primeros tres meses. Noveno mes de embarazo. La secuencia del parto. --<br/>LOS SENTIDOS: El olfato. El gusto. El tacto. La vista. El oído. --<br/>APÉNDICE. --<br/>GLOSARIO.<br/>
650 ## - PUNTO DE ACCESO ADICIONAL DE MATERIA--TÉRMINO DE MATERIA
Término de materia o nombre geográfico como elemento inicial LOS MÚSCULOS
650 ## - PUNTO DE ACCESO ADICIONAL DE MATERIA--TÉRMINO DE MATERIA
Término de materia o nombre geográfico como elemento inicial LA CÉLULA
650 ## - PUNTO DE ACCESO ADICIONAL DE MATERIA--TÉRMINO DE MATERIA
Término de materia o nombre geográfico como elemento inicial EL SISTEMA ENDOCRINO
650 ## - PUNTO DE ACCESO ADICIONAL DE MATERIA--TÉRMINO DE MATERIA
Término de materia o nombre geográfico como elemento inicial APÉNDICE
700 ## - PUNTO DE ACCESO ADICIONAL--NOMBRE DE PERSONA
Nombre de persona Ghiglioni, Martha Lucia
942 ## - ELEMENTOS DE PUNTO DE ACCESO ADICIONAL (KOHA)
Tipo de ítem Koha Libros
Fuente del sistema de clasificación o colocación Clasificación Decimal Dewey
999 ## - NÚMEROS DE CONTROL DE SISTEMA (KOHA)
Koha biblionumber 14027
Holdings
Estado de pérdida Fuente del sistema de clasificación o colocación Estado dañado No para préstamo Localización permanente Ubicación/localización actual Ubicación en estantería Fecha de adquisición Fuente de adquisición Número de inventario Total de préstamos Signatura topográfica completa Código de barras Fecha visto por última vez Fecha del último préstamo Número de copia Precio válido a partir de Tipo de ítem Koha Centro de costos
  Clasificación Decimal Dewey     Biblioteca Campus Norte Biblioteca Campus Norte Ingeniería Ambiental 16/10/2025 Disposición Transitoria SEGUNDA. Resolución No. 0311-CU-UNACH-SE-ORD-16-09-2024 39933495 1 611 GHI L000236 L000236 06/01/2026 06/01/2026 Ej: 01 08/10/2025 Libros  

Powered by Koha